[Event "EU-ch Rapid-30'"]
[Site "Cap d`Agde"]
[Date "1996.??.??"]
[Round "?"]
[White "Van Wely, Loek"]
[Black "Vaisser, Anatoli"]
[Result "1/2-1/2"]
[WhiteElo "2605"]
[BlackElo "2565"]

1.d4 Nf6 2.c4 c5 3.d5 b5 4.cxb5 a6 5.b6 e6 6.Nc3 Nxd5 7.Nxd5 exd5 8.Qxd5 Nc6
9.Nf3 Rb8 10.e4 Be7 11.Bc4 O-O 12.Qh5 Rxb6 13.O-O d6 14.b3 Be6 15.Ng5 Bxg5
16.Bxg5 Qe8 17.Bd3 Nb4 18.Bb1 f6 19.Qxe8 Rxe8 20.Bf4 Rd8 21.Rd1 a5 22.f3 Kf7
23.Be3 Ra8 24.Rd2 a4 25.bxa4 Rxa4 26.f4 Rba6 27.e5 dxe5 28.fxe5 c4 29.exf6 c3
30.Rf2 gxf6 31.Bxh7 Rxa2 32.Rfxa2 Rxa2 33.Rxa2 Nxa2 34.h3 Bb3 35.g4 c2 36.g5 c1=Q+
37.Bxc1 Nxc1 38.gxf6 Kxf6 39.Kf2 Kg5 40.Ke3 Be6 41.Bd3 Nb3 42.Bf1 Kh4 43.Kf4 Bd5
44.Ke5 Bb7 45.Bc4 Nd2 46.Bd5 Bc8 47.Be6 Nf3+ 48.Kf4 Bb7 49.Bc8 Ba8 50.Bg4  1/2-1/2

[Event "EU-ch Rapid-30'"]
[Site "Cap d`Agde"]
[Date "1996.??.??"]
[Round "?"]
[White "Van Wely, Loek"]
[Black "Karpov, Anatoly"]
[Result "0-1"]
[WhiteElo "2605"]
[BlackElo "2775"]

1.d4 Nf6 2.c4 e6 3.Nf3 b6 4.g3 Ba6 5.b3 Bb4+ 6.Bd2 Be7 7.Bg2 c6 8.Bc3 d5
9.Ne5 Nfd7 10.Nxd7 Nxd7 11.Nd2 O-O 12.O-O Nf6 13.Re1 c5 14.e4 cxd4 15.Bxd4 dxc4
16.Nxc4 Bxc4 17.bxc4 Rc8 18.Rc1 Bc5 19.Bxc5 Rxc5 20.Qa4 Qc7 21.e5 Nd7 22.f4 b5
23.Qa3 bxc4 24.Red1 Nb6 25.Rc3 g6 26.Rd6 Rc8 27.h4 Nd5 28.Rc2 Ra5 29.Qf3 Qc5+
30.Kh2 Ne3 31.Rcd2 c3 32.Rd8+ Kg7 33.Rxc8 Qxc8 34.Rc2 Nxc2  0-1

[Event "EU-ch Rapid-30'"]
[Site "Cap d`Agde"]
[Date "1996.??.??"]
[Round "?"]
[White "Van Wely, Loek"]
[Black "Karpov, Anatoly"]
[Result "1/2-1/2"]
[WhiteElo "2605"]
[BlackElo "2775"]

1.d4 Nf6 2.c4 e6 3.Nf3 b6 4.g3 Ba6 5.b3 Bb4+ 6.Bd2 Be7 7.Bg2 c6 8.Bc3 d5
9.Ne5 Nfd7 10.Nxd7 Nxd7 11.Nd2 O-O 12.O-O Rc8 13.e4 c5 14.exd5 exd5 15.dxc5 dxc4
16.c6 cxb3 17.Re1 Bb5 18.axb3 Bxc6 19.Bxc6 Rxc6 20.Rxa7 Bf6 21.Nc4 Nc5 22.Qxd8 Rxd8
23.Bxf6 gxf6 24.Ne3 Nxb3 25.Nf5 Rc1 26.Rxc1 Nxc1 27.Rb7 b5 28.Kg2 h5 29.Rxb5 Nd3
30.Rb6 Nc5 31.Rxf6 Ne4 32.Nh6+ Kg7 33.Nxf7 Rd5 34.Rf4 Nf6 35.Nh6 Kg6 36.h3 Nh7
37.Ng8 Re5 38.Ra4 Kg7 39.Ra8 Re6 40.f4 Kf7 41.g4 hxg4 42.hxg4 Rg6 43.Ne7 Kxe7
44.Ra7+ Kf6 45.Rxh7 Rxg4+ 46.Kf3  1/2-1/2

[Event "EU-ch Rapid-30'"]
[Site "Cap d`Agde"]
[Date "1996.??.??"]
[Round "?"]
[White "Akopian, Vladimir"]
[Black "Van Wely, Loek"]
[Result "0-1"]
[WhiteElo "2630"]
[BlackElo "2605"]

1.e4 c5 2.Nf3 d6 3.d4 cxd4 4.Nxd4 Nf6 5.Nc3 a6 6.Bg5 e6 7.f4 Qb6 8.Nb3 Nbd7
9.Qf3 Qc7 10.O-O-O b5 11.a3 Bb7 12.Bd3 Be7 13.Qh3 O-O-O 14.Rhe1 h6 15.Bxf6 Nxf6
16.Kb1 Kb8 17.f5 e5 18.Qf3 Rc8 19.Nd5 Bxd5 20.exd5 Qb6 21.g4 Rc7 22.h4 Nd7
23.Qg3 f6 24.Re4 Nc5 25.Nxc5 Rxc5 26.Be2 Rhc8 27.c3 Qb7 28.a4 Rxd5 29.Rxd5 Qxd5
30.Rb4 Rc5 31.axb5 axb5 32.Qe3 Qh1+ 33.Ka2 Qc6 34.c4 d5 35.cxb5 Qa8+ 36.Kb1 Qa5
37.Rb3 Qe1+ 38.Ka2 d4 39.Qe4 Rc1 40.Rf3 Qa5+  0-1

[Event "EU-ch Rapid-30'"]
[Site "Cap d`Agde"]
[Date "1996.??.??"]
[Round "?"]
[White "Hansen, Curt"]
[Black "Van Wely, Loek"]
[Result "0-1"]
[WhiteElo "2595"]
[BlackElo "2605"]

1.e4 c5 2.Nc3 d6 3.f4 g6 4.Nf3 Bg7 5.Bb5+ Bd7 6.Bxd7+ Qxd7 7.O-O Nc6 8.d3 Nf6
9.Qe1 O-O 10.Bd2 Rac8 11.Kh1 Nd4 12.Rc1 b5 13.Nd1 Qb7 14.Ne3 e6 15.Qh4 Rfe8
16.f5 exf5 17.exf5 Rxe3 18.Nxd4 cxd4 19.fxg6 Re2 20.gxf7+ Qxf7 21.Bg5 Qg6
22.Rce1 Rcxc2 23.Rxe2 Rxe2 24.h3 h6  0-1

[Event "BL2-W9596"]
[Site "Germany"]
[Date "1996.??.??"]
[Round "?"]
[White "Zude, Arno"]
[Black "Van Wely, Loek"]
[Result "0-1"]
[WhiteElo "2440"]
[BlackElo "2570"]

1.e4 c5 2.Nf3 d6 3.d4 cxd4 4.Nxd4 Nf6 5.Nc3 a6 6.a4 e6 7.Be2 Nc6 8.Be3 Be7
9.O-O O-O 10.f4 Qc7 11.Kh1 Re8 12.Bf3 Bd7 13.Nb3 b6 14.e5 dxe5 15.fxe5 Qxe5
16.Bxb6 Rac8 17.Bf2 Red8 18.Bg3 Qg5 19.Qe2 h5 20.Ne4 Nxe4 21.Bxe4 e5 22.Bd5 Bf6
23.Rad1 Nb4 24.Be4 Bxa4 25.Rxd8+ Rxd8 26.Be1 Nd5 27.Qxa6 Bxb3 28.cxb3 Ne3
29.Rg1 Qf4 30.Qb7 Ng4 31.Bg3 h4  0-1

[Event "NLD-chT9697"]
[Site "Holland"]
[Date "1996.??.??"]
[Round "?"]
[White "Bohm, Hans"]
[Black "Van Wely, Loek"]
[Result "1-0"]
[WhiteElo "2390"]
[BlackElo "2570"]

1.d4 Nf6 2.c3 d5 3.Bg5 c5 4.e3 Ne4 5.Bf4 Nc6 6.Nd2 Nxd2 7.Qxd2 cxd4 8.exd4 Bf5
9.Bd3 Bxd3 10.Qxd3 e6 11.Nf3 Bd6 12.Bxd6 Qxd6 13.O-O g6 14.Rae1 Kf8 15.Ne5 Nxe5
16.dxe5 Qc5 17.Qf3 Rc8 18.Rd1 Qe7 19.Rd4 Kg7 20.h4 h5 21.Rfd1 b5 22.g3 Rc4
23.Kg2 Rhc8 24.Qf4 a5 25.a3 R4c7 26.R1d3 Rb8 27.Rf3 Rc4 28.Rfd3 Kg8 29.Kh3 Rxd4
30.Rxd4 Kg7 31.f3 Rc8 32.Qe3 Kg8 33.Qh6 Qc5 34.g4 hxg4+ 35.fxg4 Qf8 36.Qe3 Qg7
37.Qg5 Rb8 38.Kg3 Kf8 39.Rf4 Kg8 40.Kf3 b4 41.axb4 axb4 42.Rxb4 Rxb4 43.cxb4 Qf8
44.Qf4 Qc8 45.h5 gxh5 46.gxh5 Qc2 47.h6 Kf8 48.Qg5 Qb3+ 49.Qe3 Qxb4 50.Qa3  1-0

[Event "NLD-chT9697"]
[Site "Holland"]
[Date "1996.??.??"]
[Round "?"]
[White "Van Wely, Loek"]
[Black "Groffen, Hans"]
[Result "1-0"]
[WhiteElo "2570"]
[BlackElo "2145"]

1.d4 e6 2.c4 b6 3.e4 Bb7 4.Nc3 Bb4 5.f3 f5 6.exf5 Nh6 7.fxe6 Nf5 8.g4 Qh4+
9.Ke2 Ng3+ 10.hxg3 Qxh1 11.Kf2 Bd6 12.Bg2 Qh2 13.Nce2 dxe6 14.Nh3 Nd7 15.Qa4 h5
16.gxh5 Rxh5 17.Nhf4 Rf5 18.Be3 Qh6 19.d5 exd5 20.cxd5 O-O-O 21.Ne6 Bc5 22.Nxc5 Nxc5
23.Bxh6 Nxa4 24.Bh3 gxh6 25.Bxf5+ Kb8 26.b3 Nc5 27.Nf4 Bxd5 28.Rd1 c6 29.Be4 Kc7
30.Bxd5 cxd5 31.b4  1-0

[Event "NLD-chT9697"]
[Site "Holland"]
[Date "1996.??.??"]
[Round "?"]
[White "Visser, Yge"]
[Black "Van Wely, Loek"]
[Result "0-1"]
[WhiteElo "2380"]
[BlackElo "2570"]

1.e4 c5 2.Nf3 d6 3.g3 Nf6 4.d3 b6 5.Bg2 Bb7 6.O-O g6 7.Nc3 Bg7 8.Nh4 Nc6
9.f4 O-O 10.f5 Ne5 11.Bf4 Qd7 12.Qd2 e6 13.Rae1 Rae8 14.h3 Nh5 15.g4 Nxf4
16.Qxf4 f6 17.Nf3 b5 18.fxe6 Rxe6 19.h4 b4 20.Nd5 Qa4 21.Ne3 Qxa2 22.b3 Qa5
23.Bh3 Ree8 24.Nxe5 dxe5 25.Qf2 Qc7 26.Ra1 a5 27.Nc4 Ra8 28.Ra2 Ra6 29.Rfa1 Rfa8
30.g5 f5 31.exf5 gxf5 32.Bxf5 e4 33.Rf1 Bd4 34.Ne3 Qe5 35.Bxh7+ Kxh7 36.Qf7+ Qg7  0-1

[Event "New York op"]
[Site "New York"]
[Date "1996.??.??"]
[Round "1"]
[White "Van Wely, Loek"]
[Black "Shahade, Gregory"]
[Result "1-0"]
[WhiteElo "2570"]
[BlackElo "2250"]

1.d4 g6 2.c4 Bg7 3.Nc3 d6 4.Nf3 Nd7 5.e4 e5 6.Be2 Ne7 7.O-O O-O 8.Be3 f5
9.Ng5 Nf6 10.dxe5 dxe5 11.Qxd8 Rxd8 12.Nb5 Ne8 13.Rfd1 Bd7 14.c5 Bxb5 15.Bxb5 Rxd1+
16.Rxd1 Bf6 17.Bc4+ Kg7 18.Rd7 f4 19.Ne6+ Kh8 20.Bd2 Rc8 21.Bc3 Ng8 22.Kf1 g5
23.f3 a6 24.a4 Nh6 25.Bd5 b5 26.axb5  1-0

[Event "New York op"]
[Site "New York"]
[Date "1996.??.??"]
[Round "6"]
[White "Garcia, Gildardo"]
[Black "Van Wely, Loek"]
[Result "0-1"]
[WhiteElo "2525"]
[BlackElo "2570"]

1.e4 c5 2.Nf3 d6 3.d4 cxd4 4.Nxd4 Nf6 5.Nc3 a6 6.Be2 e6 7.O-O Be7 8.f4 O-O
9.Kh1 Qc7 10.Bd3 Nc6 11.Nf3 b5 12.Qe1 Bb7 13.e5 dxe5 14.fxe5 Nd7 15.Qg3 f5
16.Bh6 Bf6 17.Rae1 Ncxe5 18.a3 Bxf3 19.Rxf3 Kh8 20.Bf4 Qc5 21.Rfe3 Nxd3 22.Rxd3 Qc8
23.Bg5 Bxg5 24.Qxg5 Nf6 25.Rd6 Re8 26.h3 Qc4 27.Qe3 h6 28.Qe5 Re7 29.Red1 Kh7
30.Kh2 Qc7 31.Re1 Nd7 32.Qg3 Nf8 33.Rd4 Qb7 34.Red1 Ng6 35.Rd6 Rc8 36.Nd5 Rxc2
37.Nxe7 Qxe7 38.R1d2 Rxd2 39.Rxd2 e5 40.Qf3 Qf6 41.Rf2 Nh4 42.Qd5 e4 43.Rc2 Qg5
44.Qd2 f4 45.Qb4 Qg6 46.Qe7 e3 47.Qxh4 f3 48.Qg3 Qxc2 49.Qxf3 Qc7+ 50.Kg1 Qe5
51.Kf1 a5 52.Ke1 a4 53.g4 Kg8 54.h4 Qc3+ 55.Ke2 Qb3 56.Qg2 g6 57.Qa8+  0-1

[Event "Monte Carlo m"]
[Site "Monte Carlo"]
[Date "1997.09.10"]
[Round "1"]
[White "Piket, Jeroen"]
[Black "Van Wely, Loek"]
[Result "1/2-1/2"]
[WhiteElo "2630"]
[BlackElo "2655"]

1.d4 Nf6 2.c4 c5 3.d5 b5 4.cxb5 a6 5.bxa6 g6 6.Nc3 Bxa6 7.Nf3 Bg7 8.g3 d6
9.Bg2 Nbd7 10.O-O Nb6 11.Re1 O-O 12.h3 Nfd7 13.Qc2 Nc4 14.Nd2 Qa5 15.Ndb1 Ncb6
16.Rd1 Rfb8 17.Kh2 Ra7 18.Bd2 Nc4 19.Bc1 Ncb6 20.Bd2 Nc4 21.Bc1  1/2-1/2

[Event "Hoogovens"]
[Site "Merrillville"]
[Date "1997.11.28"]
[Round "2"]
[White "Shaked, Tal"]
[Black "Van Wely, Loek"]
[Result "0-1"]
[WhiteElo "2500"]
[BlackElo "2655"]

1.d4 Nf6 2.c4 c5 3.d5 b5 4.cxb5 a6 5.b6 g6 6.Nc3 Bg7 7.e4 d6 8.Nf3 Qxb6 9.Nd2 Nbd7
10.a4 O-O 11.a5 Qb4 12.Ra4 Qb8 13.Nc4 Ne8 14.Bg5 Ndf6 15.Nb6 Ra7 16.Bc4 Nc7
17.O-O h6 18.Be3 Nd7 19.Nxc8 Rxc8 20.Qd2 Rb7 21.Ra2 Rb4 22.b3 Ne5 23.Na4 Nxc4
24.bxc4 Rxc4 25.Nb6 Rxe4 26.Nxc8 Qxc8 27.Bxh6 Rd4 28.Qc1 Nxd5 29.Bxg7 Kxg7
30.Rd1 e5 31.Rxd4 exd4 32.Qc4 Nc3 33.Rb2 d5 34.Qd3 Nb5 35.Qf3 Qd8 36.Re2 c4
37.h4 d3 38.Re5 Qc7 39.Re8 Nd6 40.Ra8 Qb7 41.Rd8 Qe7 42.Ra8 Qe1+ 43.Kh2 d2
44.h5 Qe5+  0-1

[Event "NLD-chT sf (Panfox-SMB)"]
[Site "Breda"]
[Date "1997.??.??"]
[Round "1"]
[White "Van Wely, Loek"]
[Black "Vanheste, Jeroen"]
[Result "1-0"]
[WhiteElo "2645"]
[BlackElo "2410"]

1.d4 d6 2.Nf3 g6 3.c4 Bg7 4.Nc3 Nc6 5.g3 e5 6.d5 Nce7 7.e4 Nf6 8.h4 O-O 9.Be2 h6
10.Nd2 h5 11.b4 Ng4 12.Nf3 c6 13.Ng5 f5 14.f3 Nf6 15.Be3 cxd5 16.cxd5 fxe4
17.fxe4 Ng4 18.Bg1 Bh6 19.Qd3 Bxg5 20.hxg5 Bd7 21.a4 Nc8 22.Qd2 a5 23.b5 Rf7
24.Nd1 Nb6 25.Nb2 Bc8 26.Ra3 Kg7 27.Rc3 Bd7 28.Qc1 Rc8 29.Rxc8 Bxc8 30.Qc3 Nd7
31.Nc4 Nf8 32.Qa3 Rd7 33.Bxg4 hxg4 34.Bb6 Qe7 35.Bxa5 Nh7 36.Bb4 Nxg5 37.Bxd6 Nf3+
38.Kd1 Qf6 39.Qc3 Rxd6 40.Nxd6 Qxd6 41.Qxc8 Ng5 42.Qxb7+  1-0

[Event "NLD-chT f (Panfox-HSG)"]
[Site "Breda"]
[Date "1997.??.??"]
[Round "2"]
[White "Van der Sterren, Paul"]
[Black "Van Wely, Loek"]
[Result "1/2-1/2"]
[WhiteElo "2515"]
[BlackElo "2645"]

1.d4 Nf6 2.c4 c5 3.d5 b5 4.cxb5 a6 5.bxa6 g6 6.Nc3 Bxa6 7.e4 Bxf1 8.Kxf1 d6
9.g3 Bg7 10.Kg2 O-O 11.Nf3 Nbd7 12.Re1 Qa5 13.Bf4 Ng4 14.h3 Nge5 15.Nxe5 Nxe5
16.Rc1 Nc4 17.Qe2 Qb4 18.a3 Qb3 19.Nd1 Ra4 20.Qc2 Rb8 21.Qxb3 Rxb3 22.Re2 h6
23.h4 Kh7 24.Rcc2 Bf6 25.Bc1 Bd4 26.Nc3 Ra5 27.Nd1 Ra4  1/2-1/2

[Event "Gouda NLD-Top rap"]
[Site "Gouda"]
[Date "1997.??.??"]
[Round "?"]
[White "Van der Sterren, Paul"]
[Black "Van Wely, Loek"]
[Result "1/2-1/2"]
[WhiteElo "2555"]
[BlackElo "2655"]

1.d4 Nf6 2.Nf3 e6 3.g3 b5 4.Nbd2 Bb7 5.Nb3 a5 6.a4 bxa4 7.Rxa4 Bc6 8.Ra1 a4
9.Nbd2 Be7 10.Bg2 O-O 11.O-O Qc8 12.c3 Qb7 13.Qc2 d6 14.Re1 Ne4 15.Ne5 dxe5
16.Bxe4 exd4 17.cxd4 Bxe4 18.Nxe4 Nc6 19.Rd1 Rfd8 20.Be3 Nb4 21.Qb1 Nd5 22.Qc2 Rdb8
23.Bc1 Qb5 24.Nc5 Bxc5 25.dxc5 Nb4 26.Qd2 Qxc5 27.Ra3 h6 28.Rc3 Qe7 29.Rc4 Na2
30.Qc2 Nxc1 31.Rxc1 Qf6 32.Rxa4 Rxa4 33.Qxa4 Qxb2 34.Qc4 c5 35.Qxc5 Qxe2
36.Qc4 Qd2 37.Qc3 Qd5 38.Qc4 Rd8 39.Qxd5 exd5 40.Kf1 Kh7 41.Ke2 Kg6 42.Kd3 Kf5
43.Kd4 Kg4 44.Rc7 Rf8 45.Kxd5 g5 46.Rc6 h5 47.h4 gxh4 48.Rc4+ Kg5 49.Rxh4 f5
50.Ke5 Re8+ 51.Kd4 Re2 52.Rf4 h4 53.Rxh4 Rxf2 54.Ke3  1/2-1/2

[Event "Gouda NLD-Top rap"]
[Site "Gouda"]
[Date "1997.??.??"]
[Round "?"]
[White "Van der Wiel, John TH"]
[Black "Van Wely, Loek"]
[Result "1/2-1/2"]
[WhiteElo "2525"]
[BlackElo "2655"]

1.e4 c5 2.Nf3 d6 3.d4 cxd4 4.Nxd4 Nf6 5.Nc3 a6 6.Be2 e6 7.O-O Be7 8.f4 O-O
9.Bf3 Qc7 10.Be3 Nc6 11.Nxc6 bxc6 12.Na4 Bb7 13.c4 c5 14.Qc2 Nd7 15.Rad1 Nb6
16.Nxb6 Qxb6 17.b4 Qc7 18.bxc5 dxc5 19.e5 Bxf3 20.Rxf3 Qc6 21.Bf2 Rab8 22.h3 g6
23.Ra3 Rfd8 24.Rxd8+ Rxd8 25.Qe2 h5 26.Qf3 Qxf3 27.gxf3 Rd1+ 28.Kg2 Rd2 29.Kf1 Kf8
30.Rxa6 Ke8 31.Ra5 Rc2 32.Bxc5 Bxc5 33.Rxc5 Rxa2 34.Rb5 Rc2 35.c5 Rc4 36.Kf2 Rxf4
37.c6 Kd8 38.Rb7 h4 39.Ke3 g5 40.Rd7+ Kc8 41.Ra7  1/2-1/2

[Event "Leeuwarden op"]
[Site "Leeuwarden"]
[Date "1997.??.??"]
[Round "1"]
[White "Van Mil, Johannes A J"]
[Black "Van Wely, Loek"]
[Result "1-0"]
[WhiteElo "2420"]
[BlackElo "2655"]

1.e4 c5 2.Nf3 e6 3.d3 Nc6 4.g3 d5 5.Nbd2 g6 6.Bg2 Bg7 7.O-O Nge7 8.Re1 b6
9.c3 Bb7 10.h4 h6 11.Nf1 d4 12.c4 e5 13.h5 g5 14.a3 Qd7 15.N3h2 O-O 16.Rb1 a6
17.b4 cxb4 18.axb4 b5 19.Nd2 Rfb8 20.Bf3 Bc8 21.Bg4 Qc7 22.Ba3 bxc4 23.Nxc4 Rb5
24.Bxc8 Nxc8 25.Qc2 Qd7 26.Kg2 Bf8 27.Nf3 f6 28.Rec1 N8a7 29.Qa4 Qb7 30.Ra1 Kg7
31.Nfd2 Nd8 32.Na5 Qf7 33.Qd1 Bxb4 34.Bxb4 Rxb4 35.Ndc4 Qe6 36.Nb3 Rc8 37.Nbd2 Nb5
38.Ra5 Nb7 39.Ra4 Rxa4 40.Qxa4 Nc5 41.Qc2 Nc3 42.Ra1 Rb8 43.Ra5 Qc6 44.Ra1 Rb4
45.Ra5 Kf8 46.Ra1 Ke7 47.Ra5 Rb5 48.Ra3 Qe8 49.Nb3 Nxb3 50.Rxb3 Qxh5 51.Ne3 dxe3
52.Rxc3 g4 53.Rc7+ Kf8 54.Rc8+ Kg7 55.Qc7+ Qf7 56.Qd8 Rb7 57.Qh8+ Kg6 58.Rg8+ Kh5
59.Rxg4  1-0

[Event "Leeuwarden op"]
[Site "Leeuwarden"]
[Date "1997.??.??"]
[Round "3"]
[White "Ligterink, Gert"]
[Black "Van Wely, Loek"]
[Result "0-1"]
[WhiteElo "2450"]
[BlackElo "2655"]

1.c4 Nf6 2.Nc3 g6 3.e4 d6 4.d4 Bg7 5.Be2 O-O 6.Bg5 h6 7.Be3 Nbd7 8.Qd2 c5
9.d5 Kh7 10.h4 b5 11.cxb5 a6 12.h5 g5 13.bxa6 Qa5 14.Nf3 Ne8 15.O-O Bxa6
16.Bxa6 Qxa6 17.Rab1 Nc7 18.e5 dxe5 19.Ne4 f5 20.Nxc5 Qd6 21.Nxd7 Qxd7 22.Rfd1 e4
23.Ne1 Rxa2 24.Nc2 Nb5 25.Qb4 Rc8 26.Qb3 Ra5 27.Nb4 f4 28.Nc6 fxe3 29.Qxe3 Raa8
30.Qxe4+ Kh8 31.Nxe7 Nd6 32.Qe6 Rc7 33.Qxd7 Rxd7 34.Nc6 Nb5 35.Rd3 Rf8 36.Re1 Kh7
37.Re6 Nc7 38.Re7 Rxd5 39.Rxd5 Nxd5 40.Rd7 Nf6 41.Rc7 Nxh5 42.b4 Nf4 43.b5 Nd5
44.Rd7 Nb6 45.Rb7 Na4 46.b6 Nc5 47.Ra7 Rf6 48.Rc7 Rd6 49.g3 Rd1+ 50.Kg2 Rb1
51.Ne7 Ne6 52.Rc6 Nd4 53.Rd6 g4  0-1

[Event "Leeuwarden op"]
[Site "Leeuwarden"]
[Date "1997.??.??"]
[Round "6"]
[White "Ree, Hans"]
[Black "Van Wely, Loek"]
[Result "0-1"]
[WhiteElo "2435"]
[BlackElo "2655"]

1.c4 Nf6 2.Nc3 g6 3.g3 Bg7 4.Bg2 O-O 5.Nf3 d6 6.d3 e5 7.O-O Re8 8.Rb1 a5
9.a3 h6 10.Nd2 c6 11.b4 axb4 12.axb4 d5 13.b5 Be6 14.Qc2 Nbd7 15.Bb2 Qc7
16.Rfc1 d4 17.bxc6 bxc6 18.Nd1 Nc5 19.Ra1 Bg4 20.Ba3 Bf8 21.Bxc5 Bxc5 22.Nb3 Bf8
23.h3 Bf5 24.e4 Be6 25.Kh2 Bb4 26.f3 Nd7 27.Ra2 Rxa2 28.Qxa2 Qb7 29.Ra1 Rb8
30.Qa6 Qxa6 31.Rxa6 Bf8 32.Nd2 Nc5 33.Rxc6 Nxd3 34.Bf1 Nb4 35.Rc7 Ra8 36.Nb3 Ra3  0-1

[Event "Leeuwarden op"]
[Site "Leeuwarden"]
[Date "1997.??.??"]
[Round "8"]
[White "Kroeze, Frank M"]
[Black "Van Wely, Loek"]
[Result "0-1"]
[WhiteElo "2380"]
[BlackElo "2655"]

1.e4 c5 2.Nf3 e6 3.c3 Nf6 4.e5 Nd5 5.g3 d6 6.exd6 Bxd6 7.Bg2 O-O 8.O-O Nc6
9.d4 cxd4 10.Nxd4 Nxd4 11.Qxd4 Qc7 12.Nd2 Rd8 13.Ne4 Be7 14.Qa4 a5 15.Ng5 h6
16.Nf3 b5 17.Qe4 Bf6 18.Nd4 Rb8 19.Qg4 b4 20.Bxh6 bxc3 21.bxc3 Qxc3 22.Rad1 Rb4
23.Bxg7 Bxg7  0-1

[Event "GER-CupT 9697 sf"]
[Site "Porz"]
[Date "1997.??.??"]
[Round "?.2"]
[White "Frick, Christoph"]
[Black "Van Wely, Loek"]
[Result "1/2-1/2"]
[WhiteElo "2265"]
[BlackElo "2645"]

1.e4 c5 2.Nc3 d6 3.g3 Nc6 4.Bg2 g6 5.d3 Bg7 6.Nh3 Nf6 7.O-O h5 8.Nf4 e6 9.h3 Rb8
10.a4 a6 11.Nfe2 b5 12.axb5 axb5 13.f4 Qc7 14.Be3 Nd7 15.f5 b4 16.fxe6 fxe6
17.Nf4 Nf6 18.Nb1 Ne5 19.Nd2 g5 20.Ne2 g4 21.h4 O-O 22.Nf4 Bd7 23.c3 bxc3
24.bxc3 Rb2 25.Rc1 c4 26.d4 Nd3 27.Rb1 Ra2 28.Ng6 Rf7 29.Ra1 Rxa1 30.Qxa1 e5
31.Qa6 Kh7 32.Nxc4 Bc8 33.Qxd6 Qxc4 34.dxe5 Kxg6 35.exf6 Rxf6 36.Rxf6+ Bxf6
37.Qf8 Bg7 38.Qe8+ Kh7 39.Qxh5+ Kg8 40.Qe8+ Kh7 41.Qh5+ Kg8 42.Qe8+ Kh7  1/2-1/2

[Event "EU-chT (Men)"]
[Site "Pula"]
[Date "1997.??.??"]
[Round "3"]
[White "Van Wely, Loek"]
[Black "Guseinov, Aidyn"]
[Result "1-0"]
[WhiteElo "2645"]
[BlackElo "2430"]

1.d4 Nf6 2.c4 e6 3.Nf3 c5 4.d5 exd5 5.cxd5 d6 6.Nc3 g6 7.e4 a6 8.a4 Bg4 9.Qb3 Bxf3
10.Qxb7 Nxe4 11.gxf3 Nxc3 12.Qxa8 Bg7 13.Ra3 O-O 14.bxc3 Re8+ 15.Kd1 Qf6
16.Be2  1-0

[Event "Vlissingen HZ op"]
[Site "Vlissingen"]
[Date "1997.??.??"]
[Round "3"]
[White "Middelburg, Tom"]
[Black "Van Wely, Loek"]
[Result "0-1"]
[WhiteElo "2195"]
[BlackElo "2655"]

1.e4 c5 2.Nf3 d6 3.d4 cxd4 4.Nxd4 Nf6 5.Nc3 a6 6.f4 Qc7 7.Be2 g6 8.Be3 b5
9.a4 b4 10.Nd5 Nxd5 11.exd5 Bg7 12.O-O Bb7 13.Bf3 O-O 14.Qd2 a5 15.Nb5 Qd8
16.Bd4 Ba6 17.Bxg7 Kxg7 18.Be2 Qb6+ 19.Kh1 Nd7 20.Rae1 Nf6 21.Bc4 Qc5 22.b3 Bxb5
23.axb5 Ra7 24.f5 a4 25.Rf4 g5 26.Rd4 h6 27.bxa4 Rxa4 28.Bb3 Ra5 29.Rxb4 Rxb5
30.Rxb5 Qxb5 31.Qd4 Ra8 32.Kg1 Qd7 33.Rf1 Qa7 34.Qxa7 Rxa7 35.Rf3 Ng4 36.Rf1 Kf6  0-1

[Event "Vlissingen HZ op"]
[Site "Vlissingen"]
[Date "1997.??.??"]
[Round "4"]
[White "Van Wely, Loek"]
[Black "Ivanov, Mikhail M"]
[Result "1-0"]
[WhiteElo "2655"]
[BlackElo "2445"]

1.d4 Nf6 2.c4 c5 3.d5 g6 4.Nc3 Bg7 5.e4 d6 6.h3 O-O 7.Nf3 Na6 8.Bd3 Nc7 9.O-O e5
10.dxe6 Nxe6 11.Be3 Nd7 12.Nh2 Ne5 13.f4 Nxd3 14.Qxd3 Nd4 15.f5 Be5 16.Bh6 Re8
17.Ng4 f6 18.Nd5 g5 19.h4 gxh4 20.Nxe5 fxe5 21.Qd2 Rf8 22.f6 Ne6 23.Bxf8 Qxf8
24.Ne7+ Kf7 25.Qxd6 Nd4 26.Qxe5 Qh6 27.Nxc8 Rxc8 28.Qe7+  1-0

[Event "Vlissingen HZ op"]
[Site "Vlissingen"]
[Date "1997.??.??"]
[Round "7"]
[White "Safin, Shukhrat"]
[Black "Van Wely, Loek"]
[Result "1/2-1/2"]
[WhiteElo "2510"]
[BlackElo "2655"]

1.d4 Nf6 2.Nf3 c5 3.d5 b5 4.Bg5 g6 5.a4 b4 6.Nbd2 d6 7.e4 Bg7 8.Bb5+ Bd7
9.Bd3 h6 10.Bh4 Bg4 11.O-O Nbd7 12.a5 Ne5 13.Bb5+ Kf8 14.Be2 Bxf3 15.Bxf3 Nxf3+
16.Qxf3 g5 17.Bg3 h5 18.h4 gxh4 19.Bxh4 Ng4 20.Nc4 Qd7 21.Bg3 Rh6 22.Qe2 h4
23.Bf4 Rg6 24.Rad1 Bd4 25.Rd3 Kg7 26.c3 bxc3 27.bxc3 Be5 28.Bxe5+ Nxe5 29.Nxe5 dxe5
30.Rb1 Rh8 31.Kh2 Rhh6 32.Rh3 Rg5 33.Kh1 Qa4 34.Qe3 Rg4 35.Qxc5 Qxe4 36.Rg1 Qc4
37.Qxe7 Qxd5 38.c4 Rxc4 39.Qxa7 Rg6 40.a6 Qd6 41.Qe3 Qxa6 42.Qxe5+  1/2-1/2

[Event "Amber-rapid 7th"]
[Site "Monte Carlo"]
[Date "1998.03.16"]
[Round "4"]
[White "Sadler, Matthew"]
[Black "Van Wely, Loek"]
[Result "1-0"]
[WhiteElo "2650"]
[BlackElo "2605"]

1.d4 Nf6 2.Nf3 e6 3.c4 d5 4.Bg5 h6 5.Bxf6 Qxf6 6.Nc3 c6 7.e3 Nd7 8.Bd3 g6
9.O-O Bg7 10.e4 dxc4 11.e5 Qe7 12.Bxc4 O-O 13.Re1 Rd8 14.Rc1 b6 15.Qe2 Bb7
16.Ba6 Rab8 17.Bxb7 Rxb7 18.a3 c5 19.Qe4 Rbb8 20.Nb5 cxd4 21.Nbxd4 Qe8 22.b4 Rbc8
23.Nc6 Nc5 24.Nxd8 Nxe4 25.Rxc8 Qd7 26.Rb8 Qc7 27.Ra8 Qc2 28.Nxe6+ Kh7 29.Rxe4 fxe6
30.Re1 Qa4 31.Re3 Qd1+ 32.Re1 Qa4 33.h4 Qxa3 34.Rd1 Qa4 35.Rc1 Qd7 36.Ra1 Qb5
37.R8xa7 Qxb4 38.Rc7  1-0

[Event "Amber-rapid 7th"]
[Site "Monte Carlo"]
[Date "1998.03.25"]
[Round "10"]
[White "Karpov, Anatoly"]
[Black "Van Wely, Loek"]
[Result "1-0"]
[WhiteElo "2735"]
[BlackElo "2605"]

1.d4 Nf6 2.c4 c5 3.Nf3 e6 4.g3 cxd4 5.Nxd4 Qc7 6.b3 Bb4+ 7.Bd2 Bc5 8.Bc3 Ne4
9.Bg2 Nxc3 10.Nxc3 Qe5 11.e3 Nc6 12.Nde2 O-O 13.O-O Be7 14.Nd4 Bc5 15.Nce2 a6
16.a3 Qc7 17.b4 Be7 18.c5 a5 19.Rb1 axb4 20.axb4 Nxd4 21.Nxd4 d5 22.cxd6 Qxd6
23.Qc2 Qb6 24.Rfc1 Bd6 25.Qe4 Ra4 26.Rc4 g6 27.Ne2 Be7 28.Qf4 Qa6 29.b5 Rxc4
30.bxa6 Rxf4 31.axb7 Bxb7 32.Rxb7 Rb4 33.Rxe7 Rb1+ 34.Bf1 Ra8 35.g4 h5 36.gxh5 gxh5
37.h4 Ra4 38.Ng3 Rxh4 39.Kg2 Ra1 40.Be2 Ra5 41.Rc7 Kg7 42.Rc8 Kg6 43.Rh8 Rd5
44.Bf3 Ra5 45.Bd1 Rc5 46.f4 Rd5 47.Bf3 Rd2+ 48.Ne2 Kg7 49.Ra8 Rd3 50.e4 Re3
51.Ra5 Rxe2+ 52.Bxe2 Rxf4 53.Bf3 h4 54.Ra6 Rf6 55.Bg4 Rf4 56.Bf3 Rf6 57.Ra3 Kh6
58.Ra8 Rg6+ 59.Kf2 Kg5 60.Rh8 Rh6 61.Rg8+ Rg6 62.Rf8 Rf6 63.Rb8 Rh6 64.Ke3 h3
65.Rg8+ Kf6 66.Kf4 h2 67.Bh1 Rh4+ 68.Kg3 Rh6 69.Rb8 Rh5 70.Rb1 Kg6 71.Bf3 Rh8
72.Bg2 Kf6 73.Rf1+ Ke5 74.Bh1 f5 75.exf5 exf5 76.Re1+ Kf6 77.Bg2 Kg5 78.Bh3 Rb8
79.Kxh2 Rb2+ 80.Kg1 Rb5 81.Rf1 Ra5 82.Rf2 Rc5 83.Kh2 Ra5 84.Bf1 Rd5 85.Kg3 Rd4
86.Be2 Rd2 87.Kf3 Ra2 88.Rg2+ Kf6 89.Rg8 Ra3+ 90.Kf4 Ra4+ 91.Ke3 Re4+ 92.Kf3 Rd4
93.Ba6 Rd5 94.Ke3 Re5+ 95.Kd2 Rd5+ 96.Bd3 Ke5 97.Ke3 Kf6 98.Rc8 Kg5 99.Ra8 Kf6
100.Bc4 Rc5 101.Kd4 Rc7 102.Rf8+ Ke7 103.Rxf5 Rd7+ 104.Ke5 Rc7 105.Be6 Rc5+
106.Bd5 Rc7 107.Rg5 Rd7 108.Bc6 Rc7 109.Rg6 Kd8 110.Kd6 Rd7+ 111.Kc5 Rh7
112.Rd6+ Kc7 113.Re6 Rh5+ 114.Bd5 Rh7 115.Ra6 Re7 116.Be6 Kd8 117.Kd5 Kc7
118.Rc6+ Kb7 119.Bc8+ Kb8 120.Kd6 Rh7 121.Bd7 Rh6+ 122.Be6 Rh7 123.Rc8+ Kb7
124.Rc3 Kb8 125.Rg3 Ka7 126.Bd5 Rh6+ 127.Kc5 Kb8 128.Rg7 Kc8 129.Bc6 Kd8
130.Rd7+ Kc8 131.Kb6 Re6 132.Rd1 Re5 133.Bb7+  1-0

[Event "Villarrobledo op"]
[Site "Villarrobledo"]
[Date "1998.08.23"]
[Round "7"]
[White "Ljubojevic, Ljubomir"]
[Black "Van Wely, Loek"]
[Result "1/2-1/2"]
[WhiteElo "2550"]
[BlackElo "2635"]

1.c4 Nf6 2.Nc3 e5 3.Nf3 Nc6 4.g3 Nd4 5.Bg2 Nxf3+ 6.Bxf3 Bb4 7.Qb3 Bc5 8.O-O O-O
9.d3 h6 10.Bg2 d6 11.Na4 Bb6 12.Bd2 Bg4 13.Nxb6 axb6 14.Rfe1 Ra7 15.a4 Qd7
16.Qb5 Rfa8 17.Qxd7 Bxd7 18.b3 Bc6 19.f3 Nd7 20.Rab1 Nc5 21.Kf2 d5 22.b4 Nxa4
23.b5 Bd7 24.cxd5 Nc5 25.Rec1 Ra2 26.Ke1 R8a4 27.Kd1 Rd4 28.Rc2 Rxc2 29.Kxc2 Rxd5
30.f4 e4 31.dxe4 Rd4 32.Bc3 Rc4 33.Kd2 Nxe4+ 34.Bxe4 Rxe4 35.Be5 Rc4 36.Rc1 Rxc1
37.Kxc1 c5 38.Bc7 Bxb5 39.Bxb6 c4 40.Kc2 f6 41.Kc3 Kf7 42.e4 h5 43.Kd4 Ke6
44.Bc5 Bc6 45.Kxc4 Bxe4 46.Kd4 Kf5 47.Bf8 g6 48.Be7 Bg2 49.Bd8 Bh3 50.Kc5 Ke6
51.Kd4 b5 52.Kc5 Bf1 53.Kb4 Kf5 54.Kc5 Kg4 55.Bxf6 Kh3 56.Kb4 Kxh2 57.Bh4 Kh3
58.Kc3 Bg2 59.Kb4 Bc6 60.Kc3 Kg4 61.Kb4  1/2-1/2

[Event "Elista ol (Men)"]
[Site "Elista"]
[Date "1998.09.30"]
[Round "2"]
[White "Van Wely, Loek"]
[Black "Rahman, Ziaur"]
[Result "0-1"]
[WhiteElo "2635"]
[BlackElo "2500"]

1.d4 d5 2.c4 e6 3.Nc3 c6 4.e4 Bb4 5.e5 Ne7 6.a3 Bxc3+ 7.bxc3 c5 8.cxd5 Qxd5
9.Nf3 Nbc6 10.Bd3 cxd4 11.cxd4 b6 12.O-O Bb7 13.Bb2 h6 14.Re1 O-O 15.Re4 Qd7
16.Rg4 Nf5 17.Bxf5 exf5 18.Rxg7+ Kxg7 19.d5 Kh7 20.Ng5+ Kg6 21.Nh3 Ne7 22.Nf4+ Kh7
23.Qh5 Qa4 24.Bc1 Qd4 25.Ne6 Qxe5 26.Qxh6+ Kg8 27.Qg5+ Ng6 28.h4 Qxa1 29.Nxf8 Rxf8
30.h5 Rc8  0-1